Juana la loca

Uloženo v:
Podrobná bibliografie
Hlavní autor: Pfandl, Ludwig (Autor)
Médium: Kniha
Jazyk:španělština
Vydáno: Buenos Aires, Argentina Espasa-Calpe 1946
Vydání:Quinta edición
Edice:Colección Austral, 17
Témata:
Tagy: Přidat tag
Žádné tagy, Buďte první, kdo vytvoří štítek k tomuto záznamu!

MARC

LEADER 00000nam a2200000 a 4500
001 UCO1477
003 CL-VaPUC
005 20230314125759.0
008 000519e19460000AG |||||||||||||||||spa|d
999 |c 288091  |d 288089 
040 |c Pontificia Universidad Católica de Valparaíso 
082 0 4 |a 923.1 PFA 1981  |2 21 
100 0 |a Pfandl, Ludwig  |e author  |9 443608 
245 1 0 |a Juana la loca 
250 |a Quinta edición 
260 |a Buenos Aires, Argentina  |b Espasa-Calpe  |c 1946 
300 |a 155 páginas 
490 0 |a Colección Austral,  |v  17 
583 |a last modification  |c 20000519 00:00:00  |k Rodrigo Vera 
600 0 7 |a JUANA LA LOCA  |2 CL-VaPUC  |9 443109 
650 0 |a Biografías  |x MUJERES  |z ESPAÑA  |9 255210 
650 0 |a Reinas  |x MONARQUIA ESPAÑOLA  |9 315207 
650 0 |a Historia de España  |9 315435 
852 |a BIBCUR 
942 |c BK  |2 ddc 
945 |d 20000519 00:00:00  |a lriquelm 
952 |0 0  |1 0  |2 ddc  |4 0  |6 923_100000000000000_PFA_1946  |7 0  |8 X  |9 335313  |a BIBHIS  |b BIBHIS  |d 2019-11-20  |i 1280252  |o 923.1 PFA 1946  |p 1280252  |r 2024-01-30  |t 1  |w 2019-11-20  |y BK_X  |k HIS